BUBT Library Online Catalog

An Introduction to Sociolinguistics/ (Record no. 5868)

000 -LEADER
fixed length control field 00729nam a22002417a 4500
003 - CONTROL NUMBER IDENTIFIER
control field BUBTL
008 - FIXED-LENGTH DATA ELEMENTS--GENERAL INFORMATION
fixed length control field 190121b xxu||||| |||| 00| 0 eng d
020 ## - INTERNATIONAL STANDARD BOOK NUMBER
International Standard Book Number 0582060621
041 ## - LANGUAGE CODE
Language code of text/sound track or separate title English
082 ## - DEWEY DECIMAL CLASSIFICATION NUMBER
Edition number
Classification number 306.44/ H734i/ 1992
100 ## - MAIN ENTRY--PERSONAL NAME
Personal name Holmes, Janet
9 (RLIN) 5089
245 ## - TITLE STATEMENT
Title An Introduction to Sociolinguistics/
Remainder of title Janet Holmes
250 ## - EDITION STATEMENT
Edition statement 1st ed.
260 ## - PUBLICATION, DISTRIBUTION, ETC. (IMPRINT)
Place of publication, distribution, etc. New York
Name of publisher, distributor, etc. Longman
Date of publication, distribution, etc. c1992
300 ## - PHYSICAL DESCRIPTION
Extent [xvi], 412 p, :
Other physical details ill. ; 21 cm.
500 ## - GENERAL NOTE
General note Includes Index
505 ## - FORMATTED CONTENTS NOTE
Formatted contents note An Introduction to Sociolinguistics, Janet Holmes, Longman, English, English Language.
526 ## - STUDY PROGRAM INFORMATION NOTE
Program name English
650 #0 - SUBJECT ADDED ENTRY--TOPICAL TERM
Source of heading or term
9 (RLIN) 4706
Topical term or geographic name as entry element English Language
General subdivision
856 ## - ELECTRONIC LOCATION AND ACCESS
Password 0
Logon 0
Link text Download
942 ## - ADDED ENTRY ELEMENTS (KOHA)
Source of classification or shelving scheme
Koha item type Books
Holdings
Withdrawn status Lost status Source of classification or shelving scheme Damaged status Not for loan Collection code Permanent location Current location Shelving location Date acquired Source of acquisition Inventory number Total Checkouts Full call number Barcode Date last seen Copy number Price effective from Koha item type
        Not For Loan Fiction Bangladesh University of Business and Technology Library Bangladesh University of Business and Technology Library English Literature Stacks 12/12/2011 Purchase 13189   306.44/ H734i/ 1992 BUBTL-200313189 01/21/2019 C-1 01/21/2019 Books

More Information About Library

Library Hours

  • Open: 9.00 am. to 9.00 pm.
  • Only Sunday: 9.00 am. to 6.00 pm.
  • Closed: Holiday

Contact to the University

Bangladesh University of Business and Technology Library

  • Mirpurl-2, 1216.
  • Phone:
  • Fax:
  • E-Mail: admin.library@bubt.edu.bd

Contact to the Library

Contact Person:

Md. Abdul Hakim Shah
Joint Librarian
PABX No:  113
Cell No: 01816332931
E-mail: official: admin.library@bubt.edu.bd
Personal: hakim.shah@bubt.edu.bd


BUBT Library

Copyright © 2021